| 000 | 00700nmc a2200253 a 4500 | ||
|---|---|---|---|
| 003 | AR-BaBNM | ||
| 005 | 20251128203750.0 | ||
| 008 | 301020s1965 ||||||||||||||000 | spa|| | ||
| 040 | _cAR-BaBNM | ||
| 100 | 1 | _aDottrens, Robert | |
| 245 | 1 | 0 | _aLa escritura "script" |
| 250 | _a2ª ed. | ||
| 260 |
_aBuenos Aires _bKapelusz _c1965 |
||
| 300 | 1 |
_axv, 73 p. _bláms., diagr., il. |
|
| 490 | 0 | _aBiblioteca de cultura pedagógica | |
| 650 | 4 | _aENSENANZA DE LA ESCRITURA | |
| 650 | 4 | _aMETODOS DE ENSENANZA | |
| 650 | 4 | _aENSENANZA DE LA LECTURA | |
| 650 | 4 | _aEJERCICIOS DE REDACCION | |
| 650 | 4 | _aLETRAS | |
| 700 | 1 |
_aGuillén de Rezzano, Clotilde _eprologuista |
|
| 942 | _cBK | ||
| 998 | _cSILVI | ||
| 999 |
_c4856 _d4856 |
||